[Event "12.PSF-IM"]
[Site "Prague"]
[Date "2016.06.22"]
[Round "5.4"]
[White "Burnett, Andrew"]
[Black "Rous, Daniel"]
[Result "1/2-1/2"]
[WhiteElo "2210"]
[BlackElo "2208"]
[PlyCount "115"]
[EventDate "2016.06.25"]
[EventType "tourn"]
[EventRounds "9"]
[EventCountry "CZE"]
[EventCategory "3"]
[WhiteClock "0:41:54"]
[BlackClock "0:01:47"]

1. e4 c5 2. Nc3 e6 3. Nf3 a6 4. d4 cxd4 5. Nxd4 Qc7 6. g3 Bb4 7. Nde2 Nf6 8.
Bg2 Nc6 9. O-O O-O 10. h3 d6 11. Be3 Ne5 12. Bd4 Bc5 13. b3 b5 14. f4 Bxd4+ 15.
Qxd4 Nc6 16. Qe3 Bb7 17. Rad1 Rfd8 18. g4 Nb4 19. Rd2 Rac8 20. a3 Nc6 21. g5
Nd7 22. h4 b4 23. axb4 Nxb4 24. Qh3 d5 25. f5 Qb6+ 26. Kh1 dxe4 27. fxe6 fxe6
28. Na4 Qc7 29. Qxe6+ Kh8 30. Rfd1 Nf8 31. Rxd8 Rxd8 32. Rxd8 Qxd8 33. Qc4 a5
34. Bxe4 Bxe4+ 35. Qxe4 Qd1+ 36. Kg2 Nxc2 37. Nac3 Qd2 38. Kg3 Qd6+ 39. Qf4
Qxf4+ 40. Kxf4 Ne6+ 41. Ke5 Nc5 42. Nf4 Nxb3 43. Ne6 Kg8 44. h5 Ne3 45. g6 h6
46. Kf4 Ng2+ 47. Kf3 Ne1+ 48. Ke4 Nd2+ 49. Kf5 Nc4 50. Nd5 Nd6+ 51. Ke5 Nc8 52.
Nc5 Nc2 53. Ke6 Nb4 54. Ne3 Nb6 55. Nf5 N4d5 56. Kd6 a4 57. Nxa4 Nxa4 58. Kxd5
1/2-1/2

[Event "12.PSF-IM"]
[Site "Prague"]
[Date "2016.06.22"]
[Round "5.5"]
[White "Vokoun, Jan"]
[Black "Frolov, Artur"]
[Result "1/2-1/2"]
[WhiteElo "2096"]
[BlackElo "2459"]
[PlyCount "73"]
[EventDate "2016.06.25"]
[EventType "tourn"]
[EventRounds "9"]
[EventCountry "CZE"]
[EventCategory "3"]
[WhiteClock "0:04:23"]
[BlackClock "0:03:50"]

1. e4 c5 2. Be2 Nc6 3. f4 g6 4. Nf3 Bg7 5. d3 d6 6. O-O e6 7. c3 Nge7 8. Na3 f5
9. Qe1 Rb8 10. exf5 gxf5 11. Bd1 O-O 12. Bb3 d5 13. Be3 b6 14. Bf2 Ng6 15. g3
Re8 16. Qd2 e5 17. Be3 Na5 18. fxe5 Nxb3 19. axb3 d4 20. cxd4 cxd4 21. Bg5 Qd5
22. Nc4 b5 23. Nd6 Nxe5 24. Nxe8 Nxf3+ 25. Rxf3 Qxf3 26. Qf4 Bb7 27. Qxf3 Bxf3
28. Nxg7 Kxg7 29. Rxa7+ Kg6 30. Kf2 Bd1 31. Bf4 Re8 32. Ra6+ Kf7 33. Rb6 Re2+
34. Kg1 Rxb2 35. Rxb5 Rxb3 36. Rxb3 Bxb3 37. Be5 1/2-1/2

[Event "12.PSF-IM"]
[Site "Prague"]
[Date "2016.06.23"]
[Round "6.2"]
[White "Rous, Daniel"]
[Black "Vokoun, Jan"]
[Result "1-0"]
[WhiteElo "2208"]
[BlackElo "2096"]
[PlyCount "77"]
[EventDate "2016.06.25"]
[EventType "tourn"]
[EventRounds "9"]
[EventCountry "CZE"]
[EventCategory "3"]
[WhiteClock "0:01:04"]
[BlackClock "0:01:02"]

1. Nf3 c5 2. c4 e6 3. Nc3 b6 4. g3 Bb7 5. Bg2 Nf6 6. O-O Be7 7. d4 cxd4 8. Qxd4
O-O 9. Rd1 d6 10. b3 Nbd7 11. Bb2 a6 12. Bh3 Qc7 13. Qe3 Rfe8 14. Rac1 Bf8 15.
Qf4 Rac8 16. Qh4 Qb8 17. g4 h6 18. Qg3 b5 19. cxb5 axb5 20. b4 Bxf3 21. exf3
Ne5 22. f4 Nc4 23. Ba1 d5 24. g5 Nh5 25. Qg4 Nxf4 26. gxh6 Ng6 27. Ne2 gxh6 28.
Bg2 Nce5 29. Qh3 Rxc1 30. Rxc1 Rc8 31. Rf1 Rc4 32. f4 Qa7+ 33. Kh1 Rc2 34. Nd4
Rxa2 35. Bc3 Nc4 36. f5 exf5 37. Bxd5 Ra3 38. Nxb5 Rxc3 39. Qxc3 1-0

[Event "12.PSF-IM"]
[Site "Prague"]
[Date "2016.06.23"]
[Round "6.3"]
[White "Lyell, Mark"]
[Black "Burnett, Andrew"]
[Result "1-0"]
[WhiteElo "2252"]
[BlackElo "2210"]
[PlyCount "103"]
[EventDate "2016.06.25"]
[EventType "tourn"]
[EventRounds "9"]
[EventCountry "CZE"]
[EventCategory "3"]
[WhiteClock "0:08:05"]
[BlackClock "0:33:01"]

1. e4 c5 2. c3 g6 3. Nf3 Bg7 4. Bc4 d6 5. O-O Nf6 6. Qe2 Nc6 7. h3 O-O 8. d4
Nd7 9. Be3 a6 10. Nbd2 b5 11. Bb3 cxd4 12. cxd4 Nb6 13. d5 Na5 14. Bd4 Nxb3 15.
Nxb3 e5 16. dxe6 fxe6 17. Bxg7 Kxg7 18. Rfd1 Nc4 19. Nbd4 Qf6 20. b3 Ne5 21.
Rac1 Rf7 22. Ng5 Re7 23. f4 Nf7 24. Nxf7 Qxf7 25. e5 dxe5 26. Qxe5+ Qf6 27. Rc7
Rxc7 28. Qxc7+ Qf7 29. Qe5+ Qf6 30. Rc1 Qxe5 31. fxe5 b4 32. Rc7+ Kh6 33. Rf7
a5 34. Rf8 Bb7 35. Rxa8 Bxa8 36. Nxe6 g5 37. Kf2 Kg6 38. g4 Be4 39. Nc5 Bb1 40.
Nb7 a4 41. bxa4 Bxa2 42. Nc5 Bc4 43. Ke3 Bf1 44. a5 Bxh3 45. a6 Bg2 46. a7 b3
47. Nxb3 h5 48. Nc5 Bd5 49. Kd4 Ba8 50. gxh5+ Kxh5 51. e6 Kg6 52. Ke5 1-0

[Event "12.PSF-IM"]
[Site "Prague"]
[Date "2016.06.23"]
[Round "6.4"]
[White "Kosanovic, Dragan"]
[Black "Plischki, Sebastian"]
[Result "1-0"]
[WhiteElo "2359"]
[BlackElo "2385"]
[PlyCount "63"]
[EventDate "2016.06.25"]
[EventType "tourn"]
[EventRounds "9"]
[EventCountry "CZE"]
[EventCategory "3"]
[WhiteClock "0:20:08"]
[BlackClock "0:06:22"]

1. d4 Nf6 2. c4 g6 3. f3 Bg7 4. e4 d6 5. Nc3 a6 6. Be3 Nfd7 7. Qd2 h5 8. Nh3 c5
9. d5 b5 10. cxb5 Qa5 11. Nf2 axb5 12. Bxb5 Ba6 13. Bxa6 Qxa6 14. Qe2 O-O 15.
Bg5 Re8 16. Nfd1 Ne5 17. Qxa6 Nxa6 18. O-O Kf8 19. f4 Nd3 20. e5 dxe5 21. f5
gxf5 22. Rxf5 Reb8 23. Ne4 f6 24. d6 Kf7 25. dxe7 Ke6 26. Ne3 fxg5 27. Rxg5 Rg8
28. Rf1 Bh6 29. Rf6+ Kxe7 30. Nf5+ Kd7 31. Rxg8 Rxg8 32. Rxh6 1-0

[Event "12.PSF-IM"]
[Site "Prague"]
[Date "2016.06.23"]
[Round "6.5"]
[White "Rakotomaharo, Fy Anatenaina"]
[Black "Chudinovskikh, Alexander M"]
[Result "1-0"]
[WhiteElo "2432"]
[BlackElo "2263"]
[PlyCount "112"]
[EventDate "2016.06.25"]
[EventType "tourn"]
[EventRounds "9"]
[EventCountry "CZE"]
[EventCategory "3"]
[WhiteClock "0:14:08"]
[BlackClock "0:03:24"]

1. d4 Nf6 2. c4 e6 3. Nc3 Bb4 4. e3 O-O 5. Nge2 Re8 6. a3 Bf8 7. Ng3 d5 8. Be2
b6 9. O-O Bb7 10. Qc2 Nbd7 11. Rd1 g6 12. e4 dxe4 13. Ngxe4 Nxe4 14. Nxe4 Nf6
15. Nc3 Bg7 16. Bg5 h6 17. Bh4 Qe7 18. Bg3 a6 19. Re1 Rad8 20. Rad1 Rd7 21. Qc1
Ne4 22. Nxe4 Bxe4 23. Bf1 Bb7 24. d5 e5 25. f3 c6 26. dxc6 Bxc6 27. Bf2 Rxd1
28. Rxd1 Qb7 29. b4 e4 30. b5 axb5 31. cxb5 Bd7 32. fxe4 Bf8 33. Qc2 Bg4 34.
Rd3 Rc8 35. Qd2 Kh7 36. Rc3 Be6 37. h3 Ra8 38. Qf4 Bg7 39. Rc6 Rxa3 40. Rxb6
Qe7 41. Qd6 Qxd6 42. Rxd6 Ra1 43. Bd4 Rd1 44. Bc5 Rb1 45. Kf2 Be5 46. Rd2 Bf4
47. Rd8 Bc7 48. Ra8 Be5 49. b6 Rb2+ 50. Ke3 Rb3+ 51. Bd3 Bc4 52. Ra3 Rxa3 53.
Bxa3 Bxd3 54. Kxd3 Kg7 55. Kc4 Kf6 56. Kd5 Bg3 1-0

[Event "12.PSF-IM"]
[Site "Prague"]
[Date "2016.06.24"]
[Round "7.1"]
[White "Chudinovskikh, Alexander M"]
[Black "Vavra, Pavel"]
[Result "0-1"]
[WhiteElo "2263"]
[BlackElo "2366"]
[PlyCount "62"]
[EventDate "2016.06.25"]
[EventType "tourn"]
[EventRounds "9"]
[EventCountry "CZE"]
[EventCategory "3"]
[WhiteClock "0:25:09"]
[BlackClock "0:14:49"]

1. d4 d5 2. Nf3 c6 3. Bf4 Qb6 4. Qc1 Bg4 5. Ne5 Bf5 6. e3 f6 7. Nf3 e6 8. Be2
Ne7 9. O-O g5 10. Bg3 h5 11. h4 g4 12. Nfd2 Bg6 13. c4 Nf5 14. Bd3 Nxh4 15. e4
Qxd4 16. Bxh4 Qxd3 17. Bxf6 Rh7 18. Re1 g3 19. cxd5 gxf2+ 20. Kxf2 Rf7 21. e5
Qd4+ 22. Ke2 Qg4+ 23. Kf2 Nd7 24. dxe6 Bc5+ 25. Qxc5 Rxf6+ 26. exf6 Nxc5 27.
Re3 Qh4+ 28. Kg1 Qd4 29. Nf1 Qxb2 30. Rg3 Qxa1 31. Rxg6 Nxe6 0-1

[Event "12.PSF-IM"]
[Site "Prague"]
[Date "2016.06.24"]
[Round "7.2"]
[White "Plischki, Sebastian"]
[Black "Rakotomaharo, Fy Anatenaina"]
[Result "1/2-1/2"]
[WhiteElo "2385"]
[BlackElo "2432"]
[PlyCount "76"]
[EventDate "2016.06.25"]
[EventType "tourn"]
[EventRounds "9"]
[EventCountry "CZE"]
[EventCategory "3"]
[WhiteClock "0:12:54"]
[BlackClock "0:01:59"]

1. d4 Nf6 2. c4 g6 3. Nc3 d5 4. Nf3 Bg7 5. Qb3 dxc4 6. Qxc4 O-O 7. e4 c6 8. Be2
b5 9. Qb3 a5 10. a3 Na6 11. Qc2 Bg4 12. Be3 Ne8 13. Rd1 Nd6 14. O-O Qb6 15. b3
f5 16. Ng5 Bxe2 17. Nxe2 fxe4 18. Nf4 Rf5 19. Nxe4 Nxe4 20. Qxe4 Qc7 21. g4 Rf7
22. d5 Qe5 23. Qxe5 Bxe5 24. Nd3 Bd6 25. dxc6 Rc8 26. Rc1 Nb8 27. a4 bxa4 28.
bxa4 Rff8 29. Kg2 Nxc6 30. h3 Nb4 31. Nxb4 Bxb4 32. Rfd1 Kf7 33. Kf3 Ke6+ 34.
Ke4 Ba3 35. Ra1 Rc3 36. Rd3 Rc4+ 37. Rd4 Rc3 38. Rd3 Rc4+ 1/2-1/2

[Event "12.PSF-IM"]
[Site "Prague"]
[Date "2016.06.24"]
[Round "7.3"]
[White "Burnett, Andrew"]
[Black "Kosanovic, Dragan"]
[Result "1/2-1/2"]
[WhiteElo "2210"]
[BlackElo "2359"]
[PlyCount "82"]
[EventDate "2016.06.25"]
[EventType "tourn"]
[EventRounds "9"]
[EventCountry "CZE"]
[EventCategory "3"]
[WhiteClock "0:09:52"]
[BlackClock "0:04:16"]

1. e4 c5 2. Nf3 Nc6 3. Nc3 e6 4. Bb5 Nge7 5. O-O a6 6. Bxc6 Nxc6 7. d4 cxd4 8.
Nxd4 d6 9. Nxc6 bxc6 10. b3 Be7 11. Qg4 O-O 12. Qg3 f5 13. Rd1 e5 14. f4 fxe4
15. Nxe4 Bf5 16. Ng5 Bxg5 17. fxg5 Bxc2 18. Re1 Qa5 19. Be3 c5 20. Rac1 Bg6 21.
Re2 Rad8 22. Rd2 Qb6 23. h4 a5 24. Qg4 Qb4 25. Rc4 Qb7 26. h5 Bf5 27. Qe2 Qe7
28. Rc1 Qe6 29. Rc4 Qe7 30. Rc1 Be6 31. Qa6 Qc7 32. Rcd1 c4 33. Bb6 Qc6 34.
bxc4 Bxc4 35. Qxa5 Ra8 36. Rxd6 Qe4 37. Re1 Qg4 38. Qc3 Rxa2 39. Rd2 Rxd2 40.
Qxd2 Qxh5 41. Qc3 Bf7 1/2-1/2

[Event "12.PSF-IM"]
[Site "Prague"]
[Date "2016.06.24"]
[Round "7.4"]
[White "Vokoun, Jan"]
[Black "Lyell, Mark"]
[Result "1-0"]
[WhiteElo "2096"]
[BlackElo "2252"]
[PlyCount "133"]
[EventDate "2016.06.25"]
[EventType "tourn"]
[EventRounds "9"]
[EventCountry "CZE"]
[EventCategory "3"]
[WhiteClock "0:05:04"]
[BlackClock "0:00:36"]

1. d4 f5 2. Bg5 g6 3. e3 Bg7 4. c3 Nh6 5. Qb3 Nf7 6. Bh4 O-O 7. Nd2 Nc6 8. Ne2
Qe8 9. Nf4 e6 10. Bg3 d6 11. d5 Ncd8 12. dxe6 Nxe6 13. Nxe6 Bxe6 14. Bc4 Bxc4
15. Qxc4 Qe7 16. h4 b5 17. Qd5 b4 18. cxb4 Bxb2 19. Rb1 Be5 20. Bxe5 dxe5 21.
Nf3 Rab8 22. O-O Rfd8 23. Qc4 Kg7 24. b5 Rd7 25. Qa4 Rb6 26. e4 f4 27. Rfd1
Rbd6 28. Rxd6 cxd6 29. Qb3 h6 30. a4 Nd8 31. Rc1 Nb7 32. Rc8 Qf7 33. Qc2 Kf6
34. Qc3 Qe7 35. a5 Nc5 36. Qc4 Rc7 37. Qg8 Rxc8 38. Qxc8 Kg7 39. b6 a6 40. h5
gxh5 41. Nh4 Qxh4 42. b7 Nxb7 43. Qxb7+ Kg8 44. Qxa6 Qg4 45. Qd3 f3 46. Qxf3
Qc8 47. Qa3 Qa6 48. g3 Kg7 49. Qb4 h4 50. gxh4 Qe2 51. Qa4 Qa6 52. Qd7+ Kf6 53.
Qd8+ Kg7 54. h5 Kf7 55. Kg2 Qd3 56. Qd7+ Kf8 57. Qc8+ Ke7 58. Qb7+ Kf6 59. Qh7
Qd2 60. Qg6+ Ke7 61. a6 Kd7 62. a7 Qa2 63. Qxh6 Kc6 64. Qh7 Kb6 65. h6 Qa4 66.
Qg6 Kxa7 67. h7 1-0

[Event "12.PSF-IM"]
[Site "Prague"]
[Date "2016.06.24"]
[Round "7.5"]
[White "Frolov, Artur"]
[Black "Rous, Daniel"]
[Result "1-0"]
[WhiteElo "2459"]
[BlackElo "2208"]
[PlyCount "94"]
[EventDate "2016.06.25"]
[EventType "tourn"]
[EventRounds "9"]
[EventCountry "CZE"]
[EventCategory "3"]
[WhiteClock "0:19:02"]
[BlackClock "0:04:16"]

1. e4 c5 2. Nf3 d6 3. Bb5+ Nd7 4. c4 Ngf6 5. Nc3 g6 6. O-O Bg7 7. d3 O-O 8. Ba4
Nb6 9. Bb3 Bg4 10. h3 Bxf3 11. Qxf3 Nbd7 12. Ba4 Nb6 13. Bd1 Nfd7 14. Qg3 e5
15. Qg5 h6 16. Qxd8 Rfxd8 17. a3 Nf8 18. b4 Ne6 19. Rb1 Nd7 20. Bg4 Ndf8 21.
Bxe6 Nxe6 22. Nd5 b6 23. Be3 Kf8 24. bxc5 dxc5 25. a4 Nf4 26. Bxf4 exf4 27.
Nxf4 Rd6 28. Nd5 Bd4 29. Rfe1 Re8 30. Kf1 h5 31. Re2 Ree6 32. Ra2 Rc6 33. Ke2
Kg7 34. f4 Kh6 35. Kf3 Kg7 36. g4 hxg4+ 37. hxg4 Rc8 38. Rh1 Rh8 39. Rxh8 Kxh8
40. g5 Kg7 41. e5 Re8 42. Rh2 Rd8 43. Ke4 Ba1 44. Nf6 Rd4+ 45. Ke3 Bc3 46. Rh7+
Kf8 47. Rh8+ Ke7 1-0

[Event "12.PSF-IM"]
[Site "Prague"]
[Date "2016.06.25"]
[Round "8.1"]
[White "Vavra, Pavel"]
[Black "Rous, Daniel"]
[Result "1-0"]
[WhiteElo "2366"]
[BlackElo "2208"]
[PlyCount "69"]
[EventDate "2016.06.25"]
[EventType "tourn"]
[EventRounds "9"]
[EventCountry "CZE"]
[EventCategory "3"]
[WhiteClock "0:15:54"]
[BlackClock "0:00:34"]

1. d4 Nf6 2. Bg5 g6 3. Bxf6 exf6 4. e3 d5 5. c4 dxc4 6. Bxc4 Bd6 7. Nc3 c6 8.
Nge2 Qe7 9. Qd3 f5 10. O-O-O Nd7 11. g4 Nb6 12. Bb3 fxg4 13. e4 Bb4 14. a3 Bxc3
15. Nxc3 Bd7 16. a4 O-O 17. h3 c5 18. hxg4 Bxg4 19. Rdg1 Qg5+ 20. Kb1 cxd4 21.
Qxd4 Rad8 22. Qb4 Qf4 23. a5 Bf3 24. axb6 Bxh1 25. Rxh1 Qxf2 26. bxa7 Rd2 27.
Qxf8+ Kxf8 28. a8=Q+ Kg7 29. Qa3 Qg2 30. Rd1 Rxd1+ 31. Bxd1 h5 32. Qe7 Qf2 33.
e5 h4 34. Ne4 Qf4 35. Qf6+ 1-0

[Event "12.PSF-IM"]
[Site "Prague"]
[Date "2016.06.25"]
[Round "8.2"]
[White "Lyell, Mark"]
[Black "Frolov, Artur"]
[Result "0-1"]
[WhiteElo "2252"]
[BlackElo "2459"]
[PlyCount "84"]
[EventDate "2016.06.25"]
[EventType "tourn"]
[EventRounds "9"]
[EventCountry "CZE"]
[EventCategory "3"]
[WhiteClock "0:25:38"]
[BlackClock "0:31:29"]

1. e4 e5 2. Nf3 Nc6 3. Bc4 Bc5 4. b4 Bxb4 5. c3 Ba5 6. d4 exd4 7. Qb3 Qe7 8.
O-O Bb6 9. cxd4 Na5 10. Qc2 Nxc4 11. Qxc4 d6 12. a4 c6 13. a5 Bd8 14. a6 Qc7
15. axb7 Bxb7 16. Bf4 Ne7 17. Nbd2 O-O 18. Rfb1 Bc8 19. Qb4 c5 20. dxc5 dxc5
21. Bxc7 cxb4 22. Bxd8 Rxd8 23. Rxb4 a5 24. Rba4 Nc6 25. Rc1 Bd7 26. Nb3 Rdb8
27. Nc5 Be8 28. Rac4 Rb4 29. h3 a4 30. Rxb4 Nxb4 31. Rb1 Nc6 32. Kf1 a3 33. Ke1
f6 34. Kd2 Bh5 35. Ne1 Bf7 36. Nc2 a2 37. Rc1 Ne5 38. Na1 Rb8 39. Nd3 Nc4+ 40.
Kc3 Rb1 41. f4 g5 42. g3 Nb2 0-1

[Event "12.PSF-IM"]
[Site "Prague"]
[Date "2016.06.25"]
[Round "8.3"]
[White "Kosanovic, Dragan"]
[Black "Vokoun, Jan"]
[Result "1-0"]
[WhiteElo "2359"]
[BlackElo "2096"]
[PlyCount "88"]
[EventDate "2016.06.25"]
[EventType "tourn"]
[EventRounds "9"]
[EventCountry "CZE"]
[EventCategory "3"]
[WhiteClock "0:44:18"]
[BlackClock "0:30:43"]

1. d4 d6 2. e4 Nf6 3. f3 e5 4. Ne2 Nbd7 5. c4 c6 6. Nbc3 Be7 7. Be3 O-O 8. Qd2
d5 9. cxd5 cxd5 10. dxe5 Nxe5 11. Nxd5 Nxd5 12. Qxd5 Nd3+ 13. Kd2 Nb4 14. Qxd8
Rxd8+ 15. Kc1 Be6 16. Nc3 Rac8 17. Be2 Nxa2+ 18. Kc2 Nb4+ 19. Kb1 a6 20. Ra5
Bb3 21. Rc1 h6 22. f4 Rc6 23. Ra3 Bc4 24. Bxc4 Rxc4 25. Ra5 Rd3 26. Re1 Nc6 27.
Rd5 Nb4 28. Rxd3 Nxd3 29. Rd1 Nc5 30. Bxc5 Bxc5 31. Rd8+ Kh7 32. Rd7 Bb4 33.
Nd5 Rxe4 34. Rxb7 Bd2 35. Rxf7 Kg6 36. Ra7 a5 37. Kc2 Rd4 38. Rd7 Be3 39. g4
Bg1 40. h4 h5 41. f5+ Kh7 42. g5 Rc4+ 43. Kd3 Rc8 44. f6 Kg8 1-0

[Event "12.PSF-IM"]
[Site "Prague"]
[Date "2016.06.25"]
[Round "8.4"]
[White "Rakotomaharo, Fy Anatenaina"]
[Black "Burnett, Andrew"]
[Result "1-0"]
[WhiteElo "2432"]
[BlackElo "2210"]
[PlyCount "93"]
[EventDate "2016.06.25"]
[EventType "tourn"]
[EventRounds "9"]
[EventCountry "CZE"]
[EventCategory "3"]
[WhiteClock "0:27:26"]
[BlackClock "0:31:09"]

1. d4 d6 2. e4 g6 3. c4 Bg7 4. Nc3 Nc6 5. d5 Nd4 6. Be3 e5 7. Qd2 c5 8. dxc6
bxc6 9. c5 dxc5 10. Na4 Nf6 11. Nxc5 Qe7 12. Rc1 O-O 13. Bd3 Ng4 14. Ne2 Qh4
15. Rc4 Be6 16. Ra4 Bh6 17. Bxh6 Nxf2 18. O-O Ng4 19. Bf4 exf4 20. Qxf4 g5 21.
Qg3 Nxe2+ 22. Bxe2 Qxg3 23. hxg3 Ne5 24. Nxe6 fxe6 25. Ra5 Rxf1+ 26. Kxf1 Nf7
27. Bc4 Nd8 28. Rxg5+ Kf8 29. Ra5 Kg7 30. Ke2 Kf6 31. Rh5 Rb8 32. b3 Nf7 33.
Rxh7 Rg8 34. Rh3 a5 35. Kf2 Rd8 36. Ke3 Rd1 37. Rh5 Re1+ 38. Be2 Ng5 39. e5+
Kg6 40. g4 Ne4 41. Kf3 Nc5 42. Rh8 Nd7 43. Bd3+ Kf7 44. Rh7+ Ke8 45. Kf4 Nxe5
46. Be4 Nf7 47. Bg6 1-0

[Event "12.PSF-IM"]
[Site "Prague"]
[Date "2016.06.26"]
[Round "9.2"]
[White "Burnett, Andrew"]
[Black "Chudinovskikh, Alexander M"]
[Result "1/2-1/2"]
[WhiteElo "2210"]
[BlackElo "2263"]
[PlyCount "167"]
[EventDate "2016.06.25"]
[EventType "tourn"]
[EventRounds "9"]
[EventCountry "CZE"]
[EventCategory "3"]
[WhiteClock "0:11:14"]
[BlackClock "0:02:09"]

1. Nf3 d5 2. c4 e6 3. g3 Nf6 4. Bg2 Be7 5. O-O O-O 6. b3 c5 7. Bb2 d4 8. e3 Nc6
9. exd4 cxd4 10. d3 e5 11. Re1 Nd7 12. Na3 f6 13. Nc2 a5 14. Nh4 Nc5 15. Ba3 g5
16. Bd5+ Kh8 17. Ng2 Bf5 18. Bxc5 Bxc5 19. a3 Qd6 20. Qd2 Rab8 21. h4 g4 22. h5
Ne7 23. b4 Ba7 24. Nh4 Nxd5 25. Nxf5 Qd7 26. Nfxd4 exd4 27. cxd5 Qxd5 28. Qh6
Qf7 29. Re2 Rbe8 30. Rae1 Re5 31. Qf4 Rxh5 32. Re6 Bb8 33. Qxd4 Be5 34. Qc4 Qd7
35. Ne3 Rc8 36. Re7 Rxc4 37. Rxd7 Rd4 38. Rxb7 Rg5 39. bxa5 Rg8 40. Kg2 Rxd3
41. Nc4 Rg7 42. a6 Rxb7 43. axb7 Rb3 44. Nxe5 fxe5 45. Rxe5 Rxb7 46. a4 Rb4 47.
a5 Rb1 48. a6 Ra1 49. Re8+ Kg7 50. Re7+ Kg6 51. a7 h5 52. Rb7 Kf5 53. Rc7 Kg6
54. f4 Ra2+ 55. Kf1 h4 56. gxh4 Kf5 57. h5 Ra1+ 58. Ke2 Ra2+ 59. Ke3 Ra3+ 60.
Kd4 g3 61. Rf7+ Ke6 62. Rg7 g2 63. Rxg2 Rxa7 64. Ke4 Ra4+ 65. Kf3 Ra1 66. Rh2
Kf5 67. h6 Ra3+ 68. Kf2 Ra2+ 69. Kg3 Ra3+ 70. Kh4 Kg6 71. Kg4 Kh7 72. Kg5 Ra1
73. f5 Rb1 74. Re2 Rg1+ 75. Kf6 Rf1 76. Ke6 Kxh6 77. f6 Ra1 78. Rh2+ Kg6 79.
Rg2+ Kh7 80. Rg7+ Kh6 81. Rd7 Kg6 82. Rd6 Re1+ 83. Kd7 Kh6 {Ke6 Rg1} 84. f7+ {
Rb1} 1/2-1/2

[Event "12.PSF-IM"]
[Site "Prague"]
[Date "2016.06.26"]
[Round "9.3"]
[White "Vokoun, Jan"]
[Black "Rakotomaharo, Fy Anatenaina"]
[Result "0-1"]
[WhiteElo "2096"]
[BlackElo "2432"]
[PlyCount "62"]
[EventDate "2016.06.25"]
[EventType "tourn"]
[EventRounds "9"]
[EventCountry "CZE"]
[EventCategory "3"]
[WhiteClock "0:01:45"]
[BlackClock "0:27:07"]

1. d4 d5 2. Nf3 Nf6 3. Bf4 c5 4. c3 Nc6 5. e3 Qb6 6. Qb3 c4 7. Qc2 Bf5 8. Qc1
e6 9. Nbd2 h6 10. h3 Be7 11. Be2 O-O 12. O-O Rfc8 13. g4 Bh7 14. Bg3 Qd8 15.
Ne5 Nxe5 16. dxe5 Nd7 17. e4 Bh4 18. Bh2 Bxe4 19. Nxe4 dxe4 20. Qe3 Qb6 21.
Qxe4 Qxb2 22. Qf3 Nb6 23. a4 Nd5 24. Rab1 Qxc3 25. Rxb7 Qxf3 26. Bxf3 c3 27.
Rc1 a5 28. Rb5 Bg5 29. Rc2 Bd2 30. Bxd5 exd5 31. Rxd5 Rcb8 0-1

[Event "12.PSF-IM"]
[Site "Prague"]
[Date "2016.06.26"]
[Round "9.4"]
[White "Frolov, Artur"]
[Black "Kosanovic, Dragan"]
[Result "1/2-1/2"]
[WhiteElo "2459"]
[BlackElo "2359"]
[PlyCount "63"]
[EventDate "2016.06.25"]
[EventType "tourn"]
[EventRounds "9"]
[EventCountry "CZE"]
[EventCategory "3"]
[WhiteClock "0:21:03"]
[BlackClock "0:18:12"]

1. e4 c5 2. Nf3 a6 3. c4 d6 4. d4 Bg4 5. d5 e5 6. dxe6 fxe6 7. Nc3 Nc6 8. Be2
Be7 9. O-O Bxf3 10. Bxf3 Nf6 11. Bg4 Nd4 12. Be3 e5 13. Bxd4 cxd4 14. Nd5 Nxd5
15. exd5 O-O 16. Qd3 g6 17. g3 Qb6 18. Rab1 a5 19. h4 Rf6 20. Kg2 Raf8 21. h5
Kg7 22. a3 Qa7 23. b3 Bd8 24. Rb2 b6 25. hxg6 Rxg6 26. Bd1 Rh6 27. Rh1 Rxh1 28.
Kxh1 Qf7 29. Kg2 Qg6 30. Bc2 Qxd3 31. Bxd3 Bg5 32. b4 1/2-1/2

[Event "12.PSF-IM"]
[Site "Prague"]
[Date "2016.06.26"]
[Round "9.5"]
[White "Rous, Daniel"]
[Black "Lyell, Mark"]
[Result "0-1"]
[WhiteElo "2208"]
[BlackElo "2252"]
[PlyCount "166"]
[EventDate "2016.06.25"]
[EventType "tourn"]
[EventRounds "9"]
[EventCountry "CZE"]
[EventCategory "3"]
[WhiteClock "0:00:31"]
[BlackClock "0:01:14"]

1. d4 e6 2. Nf3 f5 3. g3 Nf6 4. Bg2 d5 5. c4 c6 6. Qc2 Bd6 7. O-O O-O 8. Nc3
Ne4 9. Rb1 a5 10. b3 Nd7 11. a3 Qe7 12. Bf4 Bxf4 13. gxf4 Ndf6 14. c5 Bd7 15.
Na4 Be8 16. Ne5 Nd7 17. f3 Nef6 18. e3 Nxe5 19. dxe5 Nd7 20. b4 Qd8 21. Nc3 b6
22. Na4 axb4 23. axb4 Rf7 24. Ra1 b5 25. Nc3 Nf8 26. Ne2 Rfa7 27. Qc3 Ra4 28.
Nd4 g5 29. Rxa4 Rxa4 30. fxg5 Qxg5 31. f4 Qe7 32. Bf3 Ra2 33. Qe1 Kh8 34. Kh1
Ng6 35. Bd1 Bd7 36. Bb3 Ra3 37. Qc1 Ra8 38. Qb2 Qh4 39. Nxf5 Qh3 40. Ng3 Nh4
41. Rg1 Be8 42. Bd1 Bg6 43. Qe2 Nf5 44. Nxf5 Qxf5 45. Qf2 Ra3 46. Bf3 Ra4 47.
Qh4 Kg7 48. Qe7+ Qf7 49. Qd8 Rxb4 50. Ra1 Ra4 51. Rxa4 bxa4 52. Qa8 Bh5 53. Bg2
Qf5 54. h3 Bf3 55. Qa7+ Kg6 56. Kg1 Bxg2 57. Kxg2 Qe4+ 58. Kf2 d4 59. exd4
Qxf4+ 60. Kg2 Qd2+ 61. Kf3 Qxd4 62. Qb8 Kf5 63. Qh8 Qf4+ 64. Kg2 Qe4+ 65. Kf2
Kf4 66. Qf6+ Qf5 67. Qh4+ Kxe5+ 68. Ke3 Qf7 69. Qd4+ Kf5 70. Qg4+ Kf6 71. Qh4+
Kg7 72. Qg5+ Qg6 73. Qe7+ Kg8 74. Qd8+ Kf7 75. Qd7+ Kf6 76. Qd4+ e5 77. Qd6+
Kf5 78. Qd7+ Kg5 79. Qd8+ Kh5 80. Qd1+ Kh4 81. Qxa4+ Kxh3 82. Qd1 Qg5+ 83. Ke2
Qg4+ 0-1